• 首页
  • 本馆介绍
  • 公告通知
  • 最新文献
  • 馆藏检索
  • 电子资源
  • 读者导购
  • 参考咨询
  • 我的图书馆
  • 登录
  • 详细信息显示
  • 放入我的书架
  • 预约/预借图书
  • 作者相关作品
  • 分类相关作品
  • 丛书相关作品
  • 出版社相关作品

书目信息

  • 表格格式
  • 工作单格式
  • 卡片格式
题名:
长江流域湖泊的渔业资源与环境保护
    
 
作者: 崔奕波 , 李钟杰 主编
分册:  
出版信息: 北京   科学出版社  2005
页数: 10,424页
开本: 20cm
丛书名:
单 册:
中图分类: X524.082.5 , S922.5
科图分类:
主题词: 湖泊 , 水产资源 , 环境保护
电子资源:
ISBN: 7-03-015785-0
000 01406nam0 2200349 450
000 01413nam0 2200349 450
000 01344nam0 2200325 450
000 01307nam0 2200313 45
005 20070525133001.34
010    @a7-03-015785-0@b精装@dCNY80.00
100    @a20070418d2005 em y0chiy0120 ea
101 0  @achi
102    @aCN@b110000
105    @aab z 000yy
200 1  @a长江流域湖泊的渔业资源与环境保护@AChang Jiang Liu Yu Hu Bo De Yu Ye Zi Yuan Yu Huan Jing Bao Hu@dFishery resources and conservation of environment in lakes of the Changjiang river basin@f崔奕波,李钟杰主编@FCui Yi Bo, Li Zhong Jie Zhu Bian
210    @a北京@c科学出版社@d2005
215    @a10,424页@c照片,图,地图@d20cm
300    @a中国科学院科学出版基金资助出版
330    @a本书包括湖泊生物资源、环境特征、鱼类保护利用、渔产潜力、放养技术、集约化养殖技术及湖泊水草恢复技术的相关基础和应用研究成果等。
510 1  @aFishery resources and conservation of environment in lakes of the Changjiang river basin@zeng
606 0  @a湖泊
606 0  @a水产资源
606 0  @a环境保护
607    @a长江流域@x湖泊@x水产资源@x研究
607    @a长江流域@x湖泊@x环境保护@x研究
607    @a长江流域
690    @aX524.082.5@v4
690    @aS922.5@v4
701  0 @a崔奕波@ACui Yi Bo@f(1962.3~2000.12)@4主编
701  0 @a李钟杰@ALi Zhong Jie@4主编
801  0 @aCN@bTAOJIN@c20070525
905    @a10447@dS922.5@e27
    
    长江流域湖泊的渔业资源与环境保护=Fishery resources and conservation of environment in lakes of the Changjiang river basin/崔奕波,李钟杰主编.-北京:科学出版社,2005
    10,424页:照片,图,地图;20cm
    中国科学院科学出版基金资助出版
    
    ISBN 7-03-015785-0(精装):CNY80.00
    本书包括湖泊生物资源、环境特征、鱼类保护利用、渔产潜力、放养技术、集约化养殖技术及湖泊水草恢复技术的相关基础和应用研究成果等。
●
相关链接 在E读中查询图书 在五车中查询图书 在当当中查询图书 在豆瓣中查询图书


正题名:长江流域湖泊的渔业资源与环境保护     索取号:S922.5/27         预约/预借

序号 登录号 条形码 馆藏地/架位号 状态 备注
1 0522624   205226245   第二样本阅览室/ [索取号:S922.5/27] 在馆    
2 0522625   205226254   第三借阅区/ [索取号:S922.5/27] 在馆    
3 0522626   205226263   第三借阅区/ [索取号:S922.5/27] 在馆    
4 0522627   205226272   第三借阅区/ [索取号:S922.5/27] 在馆    
唐山师范学院图书馆 欢迎您!
大连网信软件有限公司© 版权所有